|
|
|
|
| LEADER |
00000cam a2200000 7i4500 |
| 001 |
0000054609 |
| 005 |
20220105105354.0 |
| 008 |
151108 |
| 020 |
|
|
|a 9831951654
|
| 090 |
0 |
0 |
|a AD
|b MAL
|
| 245 |
0 |
0 |
|a Rintangan maut
|
| 260 |
|
|
|a Selangor :
|b Karisma ,
|c 2006
|
| 300 |
|
|
|a 55pg.
|
| 490 |
1 |
|
|a Siri pengalaman ekspedisi
|
| 500 |
|
|
|a Children ages 7-9 years old (orange)
|
| 650 |
|
0 |
|a Children's story, Malay
|
| 999 |
|
|
|a 0000951814
|b Book
|c Children Collection
|e Cawangan Bandar Penawar
|
| 999 |
|
|
|a 0000951815
|b Book
|c Children Collection
|e Cawangan Segamat
|
| 999 |
|
|
|a 0000951816
|b Book
|c Children Collection
|e Cawangan Tangkak
|
| 999 |
|
|
|a 0000951817
|b Book
|c Children Collection
|e Cawangan Bukit Gambir
|
| 999 |
|
|
|a 0000951818
|b Book
|c Children Collection
|e Cawangan Taman Universiti
|